000 00595nam a2200181Ia 4500
008 090124s9999 xx 000 0 und d
082 _b23986
_a2580
100 _aकोल्हटकर बाळ.
245 _a दुरितांचे तिमिर जावो
250 _a8
260 _c1983
300 _a95
600 _aकोल्हटकर बाळ.
630 _a दुरितांचे तिमिर जावो
700 _aकोल्हटकर बाळ.
730 _a दुरितांचे तिमिर जावो
942 _cBOOK
999 _c137566
_d137566